| 000 | 01013cam a2200277 i 4500 | ||
|---|---|---|---|
| 001 | 000006797 | ||
| 005 | 20200929154008.0 | ||
| 008 | 790124s1978 sp b 000 0 spa | ||
| 010 | _a78391173 | ||
| 015 | _aSp*** | ||
| 020 |
_a8427604378 : _c200ptas |
||
| 040 |
_aDO-SdBNP _cDLC _dDLC |
||
| 043 | _ae-sp--- | ||
| 050 | 0 | 0 |
_aLC5056.S8 _bC28 1978 |
| 100 | 1 |
_aCampomanes, Pedro Rodriguez, _cconde de, _d1723-1803. _918880 |
|
| 245 | 1 | 0 |
_aDiscurso sobre la educacion popular / _cPedro R. de Campomanes ; edicion preparada por F. Aguilar Pinal. |
| 260 |
_aMadrid : _bEditora Nacional, _c1978. |
||
| 300 |
_a271 p. ; _c18 cm. |
||
| 490 | 0 | _aBiblioteca de la literatura y el pensamiento hispanicos ; 31 | |
| 504 | _aIncludes bibliographical references. | ||
| 650 | 0 |
_aWorking class _xEducation _zSpain _xHistory. _918881 |
|
| 650 | 0 |
_aVocational education _zSpain _xHistory. _918882 |
|
| 650 | 0 |
_aGuilds _zSpain _xHistory. _918883 |
|
| 700 | 2 |
_aAguilar Pinal, Francisco. _918884 |
|
| 910 | _aCatalogación por copia / LC | ||
| 999 |
_c6585 _d6585 |
||